|
|
|
|
| LEADER |
00000cam a2200000 7i4500 |
| 001 |
0000008194 |
| 002 |
000008936 |
| 005 |
20000330.0 |
| 020 |
|
|
|a 0534045901
|
| 090 |
0 |
0 |
|a 001.6424
|b AMS
|
| 100 |
1 |
|
|a Amsbury, Wayne
|
| 245 |
1 |
0 |
|a Data structures :
|b from arrays to priority queues
|c Wayne Amsbury
|
| 260 |
|
|
|a Belmont, Calif. :
|b Wadsworth Pub. Co. ,
|c 1985
|
| 300 |
|
|
|a 516 p. :
|b ill. ;
|c 24 cm.
|
| 650 |
0 |
0 |
|a Data structures (Computer science)
|
| 999 |
|
|
|a 0001728
|b BUKU
|c PINJAMAN
|e PERPUSTAKAAN KOMUNITI PETALING JAYA
|
| 999 |
|
|
|a 0001729
|b BUKU
|c PINJAMAN
|e PERPUSTAKAAN KOMUNITI PETALING JAYA
|
| 999 |
|
|
|a 0001730
|b BUKU
|c PINJAMAN
|e PERPUSTAKAAN KOMUNITI PETALING JAYA
|